Programa de prevención V.I.H :Sida destinado a recintos carcelarios de la V Región

Saved in:
Bibliographic Details
Main Authors: Saldías Fernández, Luz María (Author), Hidalgo Maripangue, Rubén (Author), Pérez Lara, Rodrigo (Author)
Format: Book
Language:Spanish
Published: Valparaíso Secretaría Ministerial de Educación de la Región de Valparaíso 1995
Subjects:
Tags: Add Tag
No Tags, Be the first to tag this record!

MARC

LEADER 00000nam a2200000 a 4500
001 UCZ6978
003 CL-VaPUC
008 951222e19950000CL |||||||||||||||||spa|d
082 0 4 |a 616.079  |b SAL  |2 21 
100 0 |a Saldías Fernández, Luz María  |e author  |9 351631 
700 0 |a Hidalgo Maripangue, Rubén  |e author  |9 351632 
700 0 |a Pérez Lara, Rodrigo  |e author  |9 351633 
245 1 0 |a Programa de prevención V.I.H :Sida destinado a recintos carcelarios de la V Región 
300 |a 113 p 
942 |c BK 
945 |d 19951222 00:00:00  |a rleighto 
260 |a Valparaíso  |b Secretaría Ministerial de Educación de la Región de Valparaíso  |c 1995 
650 0 |a SIDA (Síndrome de Inmunodeficiencia Adquirida)  |9 256118 
650 0 |a Enfermedades infecciosas  |9 337719 
650 0 |a Epidemias  |9 342402 
650 0 |a Comportamiento sexual  |9 334955 
650 0 |a Sexo  |9 257818 
650 0 |a Educación sexual  |9 308005 
583 |a last modification  |c 19951222 00:00:00  |k Rodrigo Vera 
999 |c 243113  |d 243111 
952 |0 0  |1 0  |4 0  |6 616_079000000000000_SAL_1995  |7 0  |8 P  |9 256547  |a BIBGIM  |b BIBGIM  |d 2019-11-19  |i 3158594  |o 616.079 SAL 1995  |p 3158594  |r 2025-01-15  |w 2019-11-19  |y BK  |k SSL